| Tag |
First Indicator |
Second Indicator |
Subfields |
| LEADER |
00000aam a2200000 a 4500 |
| 001 |
in00002000272 |
| 005 |
20151031123654.0 |
| 008 |
980821s1998 un a 000 0 ukro |
| 010 |
|
|
|a 98186929
|
| 020 |
|
|
|a 9665181009
|
| 035 |
|
|
|a (OCoLC)ocm40768668
|
| 040 |
|
|
|a DLC
|c DLC
|d NYP
|d TXA
|d UtOrBLW
|
| 049 |
|
|
|a TXAM
|
| 050 |
0 |
0 |
|a PG93948.A63
|b A6 1998
|
| 090 |
|
|
|a PG3948.A63
|b A6 1998
|
| 100 |
1 |
|
|a Antonenko-Davydovych, Borys,
|d 1899-1984.
|
| 245 |
1 |
0 |
|a Nashchadky pradidiv /
|c Borys Antonenko-Davydovych ; tvorchu spadshchynu rozshukav, zibrav, pidhotuvav do druku i prokomentuvav Leonid Boĭko.
|
| 246 |
1 |
|
|i Title on p. facing t.p.:
|a Borys Antonenko-Davydovych--znanyĭ i neznanyĭ
|
| 264 |
|
1 |
|a Kyïv :
|b Vydavnychyĭ dim "KM Academia",
|c 1998.
|
| 300 |
|
|
|a 694 pages :
|b illustrations ;
|c 21 cm.
|
| 336 |
|
|
|a text
|b txt
|2 rdacontent
|
| 337 |
|
|
|a unmediated
|b n
|2 rdamedia
|
| 338 |
|
|
|a volume
|b nc
|2 rdacarrier
|
| 600 |
1 |
0 |
|a Antonenko-Davydovych, Borys,
|d 1899-1984
|v Correspondence.
|
| 700 |
1 |
|
|a Boĭko, Leonid Serhiĭovych.
|
| 948 |
|
|
|a cataloged
|b h
|c 2004/10/18
|d c
|e spoltoratski
|f 10:38:12 am
|
| 994 |
|
|
|a E0
|b TXA
|
| 999 |
|
|
|a MARS
|
| 999 |
f |
f |
|s 3686312f-ac59-341e-b100-69187e47ee11
|i 8515868a-3460-3250-b266-ea4be2da6915
|t 0
|
| 952 |
f |
f |
|p ric
|a Texas A&M University
|b Rellis Campus
|c Joint Library Facility
|d Remote Storage
|t 0
|e PG3948.A63 A6 1998
|h Library of Congress classification
|i unmediated -- volume
|m A14831379227
|
| 998 |
f |
f |
|a PG3948.A63 A6 1998
|t 0
|l Remote Storage
|